000
00313nam a2200133Ia 4500
100
_a
Gupta /K.N./ Kaushish/J.P.
942
_c
BK
654
_a
Automobile engineering
245
_a
Practical Automobiles Engineering
260
_b
New Heights
_a
New Delhi
_c
1990
300
_a
496
546
_a
HINDI
999
_c
22307
_d
22307